Statystyki dla TOP 10 piosenek - Otsochodzi

Kliknij tutaj aby rozwiązać quiz!

Ogólne statystyki

  • Ten quiz został rozwiązany 154 razy
  • Średni wynik to 4 z 10

Statystyki odpowiedzi

#viewsutwór% Poprawnych
191 mlnNie, nie
90%
258 mlnNowy Kolor
87%
424 mlnAmerykańskie Teledyski
53%
523 mlnWorki w tłum
52%
617 mlnAHA
46%
714 mlnPrzypadkiem
44%
109,1 mlnMVP
37%
352 mlnUzależniony
21%
812 mln9 Żyć
11%
912 mlnMenago
7%

Rozkład punktacji

Percentyl według liczby udzielonych odpowiedzi

Procent ludzi z każdym wynikiem

Twoja historia wyników

Nie rozwiązałeś tego quizu